| 000 | 00589nam a2200229Ia 4500 | ||
|---|---|---|---|
| 003 | OSt | ||
| 005 | 20221006164247.0 | ||
| 006 | a|||||r|||| 00| 0 | ||
| 007 | ta | ||
| 008 | 221006b |||||||| |||| 00| 0 eng d | ||
| 024 | _a6,696 | ||
| 037 | _cTextual | ||
| 040 |
_aFML _cFML _beng |
||
| 041 |
_2eng _aeng |
||
| 082 | _aNR:g, K2 | ||
| 100 |
_aAbraham Gerald Au. _9676968 |
||
| 245 | 0 | _aDesign In Music | |
| 260 |
_aLondon _bOxford University Press U.K. _c1962 |
||
| 300 |
_a56 _ccm. |
||
| 942 |
_hNR:g, K2 _cTEXL _2CC |
||
| 999 |
_c1116662 _d1116662 |
||